00479nam a2200169 a 4500001001000000005001700010008004100027041001300068050002100081100003600102245005800138260003800196300001800234500002900252500000900281650001900290BRCA_689720190320205630.0141111s1898----enk#######---#000-0#eng-# aenghenk 4aPR2754b.N5 18981 aShakespeare, Williamd1564-161610aOthello, The Moor of Venice.cby William Shakespeare. aLondresbBliss, sands & Co.c1898 a13 p.c14 cm. aCon firma de Franz Mayer aL14814aOthelloxDrama